Journal of pharmaceutical technology,research and management (Record no. 94735)

MARC details
000 -LEADER
fixed length control field 00488nam a22001457a 4500
005 - DATE AND TIME OF LATEST TRANSACTION
control field 20150708143135.0
008 - FIXED-LENGTH DATA ELEMENTS--GENERAL INFORMATION
fixed length control field 150708b xxu||||| |||| 00| 0 eng d
022 ## - INTERNATIONAL STANDARD SERIAL NUMBER
International Standard Serial Number 2321-2217
245 ## - TITLE STATEMENT
Title Journal of pharmaceutical technology,research and management
260 ## - PUBLICATION, DISTRIBUTION, ETC. (IMPRINT)
Place of publication, distribution, etc Chandigarh
Name of publisher, distributor, etc Chitkara University Publication
Date of publication, distribution, etc 2013
300 ## - PHYSICAL DESCRIPTION
Extent v.
Dimensions 24 cm
310 ## - CURRENT PUBLICATION FREQUENCY
Current publication frequency Bi-annually
270 ## - ADDRESS
City Chandigarh
Postal code 160009
Address Saraswati Kendra,SCO 160-161 , Sector 9 C,Post Box No 70,
Country India
942 ## - ADDED ENTRY ELEMENTS (KOHA)
Source of classification or shelving scheme Dewey Decimal Classification
Item type Periodicals
Serial record 1
Holdings
Withdrawn status Lost status Source of classification or shelving scheme Damaged status Not for loan Collection code Home library Current library Date acquired Source of acquisition Total Checkouts Date last seen Price effective from Koha item type
    Dewey Decimal Classification   Not For Loan Non-fiction D.B.Act.Division D.B.Act.Division 08/07/2015 DBAD/PUB   08/07/2015 08/07/2015 Periodicals

© Delhi Public Library
Hit Counter
free hit counter